1071 1803 1906 1001 1019 1162 1502 1364 1218 1984 1310 1802 1193 1680 1967 1689 1141 1893 1569 1352 1276 1907 1344 1746 1033 1691 1476 1408 1951 1566 1210 1955 1747 1399 1742 1904 1265 1797 1081 1172 1271 1458 1355 1416 1954 1222 1238 1515 1024 1300 1665 1784 1014 1540 1122 1211 1575 1140 1536 1236 1539 1652 1636 1762 1081 1426 1267 1677 1790 1378 1928 1306 1259 1433 1004 1283 1128 1321 1103 1424 1146 1932 1059 1695 1825 1762 1663 1255 1516 1718 1358 1063 1937 1249 1468 1225 1523 1026 1766 BCNSPRNW ULIB Ver.6.0+V

เปลี่ยนเป็นภาษาไทย

Change to English
 แสดงรายละเอียดบรรณานุกรม
  กลับหน้าหลัก

Brief Record : Get Marc (ISO 2709) : E-mail record : QR code < ปิดหน้าต่าง
LEADER : 00000nam 2200000uu 4500
001    13399110830
003     ULIB
008    110609s2005||||th 000 0 eng d
020    9780071435345
020    0071435344
060 00 WB 18^bH322p 2005
100 1  Harrison, Tinsley Randolph,^d1900-
245 10 Harrison s principles of internal medicine :^bself-assessment and board review /^cedited by Charles, Wiener
250    16th ed
260    Boston :^bMcGraw-Hill,^cc2005
300    vii, 359 p. :^bill
500    For use with 16th edition of Harrison s principles ofinternal medicine
650  2 Internal medicine^xExamination questions
700 10 Wiener, Charles,^eed
740 02 Principles of internal medicine : self-assessment andboard review
945    ^p580^l0^i030138
995     Kesorn
999 ^a ใช้งานได้ทุกระบบ
รายการนี้ยังไม่มีแท็ก
คุณยังไม่ได้ล็อกอิน คุณสามารถมีกิจกรรมร่วมกับเว็บไซต์ได้ แต่ต้องล็อกอินก่อน ::
  ล็อกอิน

รายการสื่อสารสนเทศ

ลำดับที่ ประเภท เลขเรียก/บาร์โค้ด สถานที่ สถานะ
- ไม่พบข้อมูล -

BibComment


ยังไม่เคยถูกคอมเมนท์

คอมเมนท์ทรัพยากรรายการนี้
  คอมเมนท์: Harrison s princi..


 Copyright 2026. Bcnsprnw @Library